000 01005nam a22002897a 4500
001 BR2018001210
003 BR-BrBNA
005 20230928105253.0
007 ta
008 230509b bl.||||| |||| 00| 0 por d
040 _aBR-BrBNA
_bpor
_cBiblioteca Nacional de Agricultura
041 _a(Por)
072 _aL73
_b5212
090 _ 5212 BR2018001210
100 1 _aSerafini, M.F.
110 1 _aUniversidade Federal de Minas Gerais, Belo Horizonte (Brasil). Escola de Veterinária
_0Tese (Mestre em Ciência Animal)
245 1 _aEstudo do complexo de doenças respiratórias dos bovinos em confinamento de terminação: fatores de risco, aspectos clínicos e anatomopatológicos
260 3 _aBelo Horizonte, MG (Brasil):
_c2016.
300 _a45 p.
500 _aSummaries (Eng, Por); Bibliography p. 40-44; 15 illus.
650 _aBOVINO
650 _aCONFINAMENTO
650 _aDOENÇA RESPIRATÓRIA
650 _aDIAGNÓSTICO
909 _a202309
_bLucia
_c55
_dLucia Elande
942 _cBK
999 _c84391
_d84391